<?xml version="1.0" encoding="UTF-8"?>
<record
    xmlns:xsi="http://www.w3.org/2001/XMLSchema-instance"
    xsi:schemaLocation="http://www.loc.gov/MARC21/slim http://www.loc.gov/standards/marcxml/schema/MARC21slim.xsd"
    xmlns="http://www.loc.gov/MARC21/slim">

  <leader>01230nam a2200229Ia 4500</leader>
  <controlfield tag="001">L220-4606</controlfield>
  <controlfield tag="003">IT-CnALBA</controlfield>
  <controlfield tag="008">170116s9999||||xx |||||||||||||| ||und||</controlfield>
  <datafield tag="040" ind1=" " ind2=" ">
    <subfield code="a">IT-CnALBA</subfield>
    <subfield code="c">IT-CnALBA</subfield>
  </datafield>
  <datafield tag="041" ind1=" " ind2=" ">
    <subfield code="a">ITALIANO</subfield>
  </datafield>
  <datafield tag="100" ind1=" " ind2=" ">
    <subfield code="a">PORPORATO SAVERIO</subfield>
  </datafield>
  <datafield tag="245" ind1=" " ind2="0">
    <subfield code="a">STORIA ILLUSTRATA DEL NUOVO TESTAMENTO. VOL. II. </subfield>
  </datafield>
  <datafield tag="250" ind1=" " ind2=" ">
    <subfield code="a">1a ed.</subfield>
  </datafield>
  <datafield tag="260" ind1=" " ind2=" ">
    <subfield code="a"> VENEZIA</subfield>
    <subfield code="b">EMILIANA TIP. LIBR. EDITRICE </subfield>
    <subfield code="c">1915 [1&#xB0; Ed.:1915 - Ed.Ling.Originale: 1915]</subfield>
  </datafield>
  <datafield tag="300" ind1=" " ind2=" ">
    <subfield code="a">118 p. </subfield>
  </datafield>
  <datafield tag="500" ind1=" " ind2=" ">
    <subfield code="a">TRE TAVOLE FUORI TESTO. SIRIA ASIA MINORE MACEDONIA. GRECIA ITALIA. LA PALESTINA AL TEMPO DI GES&#xD9;. GERUSALEMME. CARTINE GEOGRAFICHE. INFANZIA DI GES&#xD9;. PREPARAZIONE ALLA VITA PUBBLICA. VITA PUBBLICA. ULTIMA SETTIMANA DI GES&#xD9;. VITA GLORIOSA DI GES&#xD9;. CHIESA </subfield>
  </datafield>
  <datafield tag="501" ind1=" " ind2=" ">
    <subfield code="a">Societ&#xE0; San Paolo EM - Piazza San Paolo, 14 - 12051 ALBA (CN)  (non commercial uses only) &#xAE; Copyright 2017</subfield>
  </datafield>
  <datafield tag="520" ind1=" " ind2=" ">
    <subfield code="a">TRE TAVOLE FUORI TESTO. SIRIA ASIA MINORE MACEDONIA. GRECIA ITALIA. LA PALESTINA AL TEMPO DI GES&#xD9;. GERUSALEMME. CARTINE GEOGRAFICHE. INFANZIA DI GES&#xD9;. PREPARAZIONE ALLA VITA PUBBLICA. VITA PUBBLICA. ULTIMA SETTIMANA DI GES&#xD9;. VITA GLORIOSA DI GES&#xD9;. CHIESA </subfield>
  </datafield>
  <datafield tag="650" ind1=" " ind2=" ">
    <subfield code="a">BIBBIA - TESTI E COMMENTI</subfield>
  </datafield>
  <datafield tag="942" ind1=" " ind2=" ">
    <subfield code="c">BK</subfield>
  </datafield>
  <datafield tag="957" ind1=" " ind2=" ">
    <subfield code="7">1</subfield>
  </datafield>
  <datafield tag="999" ind1=" " ind2=" ">
    <subfield code="a">5590</subfield>
    <subfield code="b">SI </subfield>
    <subfield code="g"> Copie: 1 </subfield>
    <subfield code="c">263798</subfield>
    <subfield code="d">263798</subfield>
  </datafield>
  <datafield tag="952" ind1=" " ind2=" ">
    <subfield code="0">0</subfield>
    <subfield code="1">0</subfield>
    <subfield code="4">0</subfield>
    <subfield code="6">L_2204606</subfield>
    <subfield code="7">1</subfield>
    <subfield code="a">ALBA</subfield>
    <subfield code="b">ALBA</subfield>
    <subfield code="d">2017-01-16</subfield>
    <subfield code="l">0</subfield>
    <subfield code="o">L220-4606</subfield>
    <subfield code="r">2017-01-16 00:00:00</subfield>
    <subfield code="w">2017-01-16</subfield>
    <subfield code="y">BK</subfield>
    <subfield code="z">(data import: 16 gennaio 2017) - By Epidotti, Vaglietti. </subfield>
  </datafield>
</record>
